Sesch Brandenburgische Konzerte (Запис номер 296517)
[ съкратено ]
| 000 -Лидер | |
|---|---|
| Контролно поле с фиксирана дължина | 01416ncm a2200433 a 4500 |
| 003 - Код на организацията, давaща контролен номер | |
| Контролно поле | BLK |
| 005 - Дата и час на последна редакция | |
| Контролно поле | 20240816005404.0 |
| 008 - Елементи от данни с фиксирана дължина | |
| fixed length control field | 180414b bul |a|er|||| |0| c|bulo| |
| 010 ## - Наследен системен номер | |
| LC control number | NOT00000062000 |
| 040 ## - Източник на каталожния запис | |
| Идентификатор на билиотеката - собственик на записа | BLK |
| 041 ## - Код за език | |
| Код за езика на текст/звукозапис или на отделно заглавие | Немски |
| Код за езика КДБФ | Немски |
| 080 ## - УДК | |
| Текстов определител УДК | Камерен оркестър |
| УДК код - определител по УДК | 785.16 |
| УДК - код + определител | 785.16 |
| 100 ## - Редна дума - Автор | |
| Автор | Бах, Йохан Себастиан |
| R(LIN) | 248172 |
| 139 ## - Редно поле | |
| Редна дума | Бах, Йохан Себастиан |
| Авторски знак | Бах - Б 30 |
| 245 10 - Сведения за заглавието | |
| Заглавие | Sesch Brandenburgische Konzerte |
| Редно поле (дума) | * Johann Sebastian Bach; Йохан Себастиан Бах; hrsg. von Kurt Soldan. |
| 254 ## - Сведения за формата на нотното издание | |
| Формат на описваните ноти | Партитура |
| 257 ## - Страна на издаване | |
| Страна на създаване/издаване | Германия |
| 260 ## - Област на издателските данни | |
| Име на издателя, разпространителя и проч. | Peters 577 |
| Година на издаване | S. a. |
| Място на издаване, разпространение и проч. | Leipzig |
| 300 ## - Физическа характеристика | |
| Страници | 167 с. |
| Размери/Мащаб | 19 см |
| 380 ## - Жанр | |
| Жанр | Изкуство |
| 505 ## - Форматирана забележка | |
| Заглавие | Konzert Nr. 1 F Dur |
| 505 ## - Форматирана забележка | |
| Заглавие | Konzert Nr. 2 F Dur |
| 505 ## - Форматирана забележка | |
| Заглавие | Konzert Nr. 3 G Dur |
| 505 ## - Форматирана забележка | |
| Заглавие | Konzert Nr. 4 G Dur |
| 505 ## - Форматирана забележка | |
| Заглавие | Konzert Nr. 5 D Dur |
| 505 ## - Форматирана забележка | |
| Заглавие | Konzert Nr. 6 B Dur |
| 650 #4 - Допълнително описание по предмет – тема | |
| Основно описание – тема или топоним | Камерна музика |
| 9 (RLIN) | 296115 |
| 653 ## - Ключова дума – ненормативна | |
| Ключова дума | камерна музика |
| 700 ## - Други автори (авторска отговорност) | |
| Лично име | Bach, Johann Sebastian |
| 9 (RLIN) | 387466 |
| 700 1# - Други автори (авторска отговорност) | |
| Лично име | Soldan, Kurt |
| Автороска отговорност (Описва отношението между автора и произведението) | hrsg. von |
| 9 (RLIN) | 388626 |
| 852 ## - Местоположение | |
| Форматна сигнатура | Цб М 1225 |
| Част | 6 |
| 856 4# - Електронен адрес и достъп | |
| Електронен формат | pdf - файл |
| Път до файла /url/ | |
| 856 4# - Електронен адрес и достъп | |
| Електронен формат | pdf - файл |
| Път до файла /url/ | |
| 999 ## - СИСТЕМНИ КОНТРОЛНИ НОМЕРА | |
| Koha biblionumber | 296517 |
| Koha biblioitemnumber | 296517 |
| 942 ## - АРТИКУЛИ | |
| Вид на библиотечния материал | Нотни издания |
| Скрит в OPAC | Не |
| Периодичен библиозапис | Да |
| 944 ## - СЪЗДАВАНЕ И РЕДАКЦИЯ на ЗАПИСА | |
| Създаване/Редакция | Създаване |
| Дата на регистрацията/редакция | 22.08.2003 |
| Служител, извършил регистрацията/редакцията | |
| Статус, дата на статуса | CRON CRON |
| 944 ## - СЪЗДАВАНЕ И РЕДАКЦИЯ на ЗАПИСА | |
| Създаване/Редакция | Редакция |
| Дата на регистрацията/редакция | 17.05.2017 |
| Служител, извършил регистрацията/редакцията | Ирена_Линкова |
| 944 ## - СЪЗДАВАНЕ И РЕДАКЦИЯ на ЗАПИСА | |
| Създаване/Редакция | Редакция |
| Дата на регистрацията/редакция | 2020-04-01 |
| Служител, извършил регистрацията/редакцията | Ренета Константинова |
| 999 ## - СИСТЕМНИ КОНТРОЛНИ НОМЕРА | |
| Koha biblioitemnumber | 296517 |
| Код за отписване | Код за изгубен артикул | Източник на класификационната схема | Код за повреда | Коз за рестрикции | Код за отдаване | Артикулен № | Име на библиотеката - собственик | Име на библиотеката, в която се намира в момента | Статус (Текущо местоположение) | Дата на вписване в системата | Местоположение - отдел | Цена в лева | Инвентарен номер | Систематично азбучна сигнатура | Баркод | Номер на екземпляра | Цена в евро | Служебна бележка | Служебен тип на артикула |
|---|---|---|---|---|---|---|---|---|---|---|---|---|---|---|---|---|---|---|---|
| Не е изгубен | Universal Decimal Classification | Не е повреден | без рестрикции | ползва се в читалня | 646852 | Регионална библиотека "Любен Каравелов" Русе | Регионална библиотека "Любен Каравелов" Русе | Хранилище | 1963-01-01 | Основен фонд - ползва се само за читалня | 1.00 | 4918/63 | Цб М 1225 | 900000006577 | 1 | 0.51 | Дост: Pk Вид: Ф N: стар фонд Дата: 01.01.1963 | Нотни издания | |
| Изтеглен | Не е изгубен | Universal Decimal Classification | Не е повреден | без рестрикции | ползва се в читалня | 646853 | Регионална библиотека "Любен Каравелов" Русе | Регионална библиотека "Любен Каравелов" Русе | Основен фонд - ползва се само за читалня | 1967-01-01 | Хранилище | 1.50 | 4648/67 | Цб М 1225 | 4648/67 | 2 | 0.77 | Дост: Pk Вид: Ф N: стар фонд Дата: 01.01.1967 | Нотни издания |
| Не е изгубен | Universal Decimal Classification | Не е повреден | без рестрикции | заемане за дома | 646854 | Регионална библиотека "Любен Каравелов" Русе | Регионална библиотека "Любен Каравелов" Русе | Отдел Изкуство - подръчен фонд | 1980-01-01 | Отдел Изкуство - подръчен фонд | 1.50 | 188840 | 785.1/Б 30 | 120000188840 | 3 | 0.77 | Дост: Pk Вид: Ф N: стар фонд Дата: 01.01.1980 | Нотни издания | |
| Не е изгубен | Universal Decimal Classification | Не е повреден | без рестрикции | заемане за дома | 646855 | Регионална библиотека "Любен Каравелов" Русе | Регионална библиотека "Любен Каравелов" Русе | Отдел Изкуство - подръчен фонд | 2017-05-11 | Отдел Изкуство - подръчен фонд | 0.00 | 170000004302 | 785.1/Б 30 | 170000004302 | 4 | 0.00 | Дост: DA Вид: А N: 20 Дата: 11.05.2017 Бележки инв: Виолета_Тр Съставил: Виолета_Тройчева | Нотни издания |